Who eats what? : (Record no. 661)

MARC details
000 -LEADER
fixed length control field 01077nam a22003137a 4500
005 - DATE AND TIME OF LATEST TRANSACTION
control field 20230628151641.0
020 ## - INTERNATIONAL STANDARD BOOK NUMBER
International Standard Book Number 0060229810 :
Terms of availability $15.00 ($19.95 Can.)
020 ## - INTERNATIONAL STANDARD BOOK NUMBER
International Standard Book Number 0060229829 (lib. bdg.)
040 ## - CATALOGING SOURCE
Original cataloging agency DLC
Transcribing agency DLC
Modifying agency DLC
Language of cataloging eng
050 00 - LIBRARY OF CONGRESS CALL NUMBER
Classification number QH541.14
Item number .L38 1995
082 00 - DEWEY DECIMAL CLASSIFICATION NUMBER
Classification number 574.5/3
Edition number 20
100 1# - MAIN ENTRY--PERSONAL NAME
Personal name Lauber, Patricia.
245 10 - TITLE STATEMENT
Title Who eats what? :
Remainder of title food chains and food webs /
Statement of responsibility, etc. by Patricia Lauber ; illustrated by Holly Keller.
250 ## - EDITION STATEMENT
Edition statement 1st ed.
260 ## - PUBLICATION, DISTRIBUTION, ETC.
Place of publication, distribution, etc. New York :
Name of publisher, distributor, etc. HarperCollins,
Date of publication, distribution, etc. 1995.
300 ## - PHYSICAL DESCRIPTION
Extent 32 pages :
Other physical details color illustrations ;
Dimensions 21 x 26 cm.
505 ## - FORMATTED CONTENTS NOTE
Formatted contents note K <br/>
520 ## - SUMMARY, ETC.
Summary, etc. Explains the concept of a food chain and how plants, animals, and humans are ecologically linked.
521 ## - TARGET AUDIENCE NOTE
Target audience note 620 <br/>
Source Lexile <br/>
521 ## - TARGET AUDIENCE NOTE
Target audience note K <br/>
Source Raz-Plus <br/>
650 #0 - SUBJECT ADDED ENTRY--TOPICAL TERM
Topical term or geographic name entry element Food chains (Ecology)
General subdivision Juvenile literature.
650 #1 - SUBJECT ADDED ENTRY--TOPICAL TERM
Topical term or geographic name entry element Food chains (Ecology)
650 #1 - SUBJECT ADDED ENTRY--TOPICAL TERM
Topical term or geographic name entry element Ecology.
700 1# - ADDED ENTRY--PERSONAL NAME
Personal name Keller, Holly,
Relator term illustrator.
906 ## - LOCAL DATA ELEMENT F, LDF (RLIN)
a 7
b cbc
c orignew
d 1
e ocip
f 19
g y-gencatlg
942 ## - ADDED ENTRY ELEMENTS (KOHA)
Source of classification or shelving scheme Dewey Decimal Classification
Koha item type Books
Suppress in OPAC No
999 ## -
-- 661
-- 661
Holdings
Withdrawn status Lost status Source of classification or shelving scheme Damaged status Not for loan Collection Home library Current library Shelving location Date acquired Total Checkouts Full call number Barcode Date last seen Date last checked out Price effective from Koha item type
    Dewey Decimal Classification     Non-Fiction Footprints International School Library Network Toul Kork Campus Footprints International School Library Network Toul Kork Campus TK Primary Library Room(4th Floor), Bookcase 3&4, Shelves 17-32, Yellow Books 06/28/2023 3 LAU QH541.L38 FISTK01602 03/05/2025 09/04/2024 06/28/2023 Books